[Event "TCh-BIH Prem"]
[Site "Neum BIH"]
[Date "2005.06.06"]
[Round "3"]
[White "Vukic,M"]
[Black "Ribic,K"]
[Result "1-0"]
[WhiteElo "2468"]
[BlackElo "2295"]

1.Nf3 d5 2.g3 c5 3.Bg2 Nc6 4.c4 d4 5.d3 e5 6.O-O Nf6 7.e3 Be7 8.exd4 exd4
9.Bf4 O-O 10.Ne5 Nxe5 11.Bxe5 Ng4 12.Re1 Bd6 13.Bxd6 Qxd6 14.h3 Nf6 15.Nd2 Bd7
16.Bxb7 Rab8 17.Bg2 Bc6 18.Bxc6 Qxc6 19.b3 a5 20.Qf3 Qd7 21.Kg2 a4 22.Re5 Qa7
23.Rae1 axb3 24.Nxb3 Qxa2 25.Nxc5 h6 26.Re7 Qa3 27.Nd7 Nxd7 28.Rxd7  1-0

[Event "TCh-BIH Prem"]
[Site "Neum BIH"]
[Date "2005.06.08"]
[Round "5"]
[White "Vukic,M"]
[Black "Drasko,M"]
[Result "1/2-1/2"]
[WhiteElo "2468"]
[BlackElo "2510"]

1.Nf3 d5 2.g3 c6 3.Bg2 Bg4 4.b3 Nd7 5.Bb2 Ngf6 6.O-O e6 7.c4 Bd6 8.d4 O-O
9.Nbd2 Re8 10.Ne5 Bf5 11.a3 a5 12.Nxd7 Qxd7 13.Nf3 b6  1/2-1/2

[Event "TCh-BIH Prem"]
[Site "Neum BIH"]
[Date "2005.06.09"]
[Round "6"]
[White "Vukic,M"]
[Black "Stojanovic,Da"]
[Result "0-1"]
[WhiteElo "2468"]
[BlackElo "2452"]

1.Nf3 d5 2.g3 c5 3.Bg2 Nc6 4.c4 d4 5.d3 e5 6.O-O Nf6 7.e3 Be7 8.exd4 exd4
9.Bf4 O-O 10.Ne5 Nxe5 11.Bxe5 Ng4 12.Re1 Bd6 13.Bxd6 Qxd6 14.h3 Nf6 15.Nd2 Bd7
16.Bxb7 Rab8 17.Bg2 a5 18.b3 Qb6 19.Nf3 a4 20.Rb1 axb3 21.axb3 Qd6 22.Ra1 Rb6
23.Ra5 Rfb8 24.Nd2 g6 25.Qf3 Bc6 26.Qe2 Re8 27.Qd1 Rxe1+ 28.Qxe1 Bd7 29.Qe2 h5
30.f4 Bf5 31.h4 Kg7 32.Ra8 Qc7 33.Be4 Re6 34.Qg2 Qe7 35.Bxf5 gxf5 36.Nf1 Re1
37.Ra2 Ng4 38.Qd2 Rb1 39.Rb2 Ra1 40.Ra2 Rxa2 41.Qxa2 Qe1 42.Qd2 Qb1 43.Kg2 Qxb3
44.Qe2 Qb7+ 45.Kg1 Qb1 46.Kg2 Qc1 47.Kf3 Qa1 48.Kg2 Qa8+ 49.Kg1 Qb7 50.Nh2 Qb1+
51.Kg2 Ne3+ 52.Kh3 Qg1 53.Nf3 Qh1+ 54.Nh2 Ng4 55.Qg2 Qd1 56.Qf1 Qc2 57.Nf3 Nf2+
58.Kg2 Nxd3+ 59.Kg1 Nb2 60.Qe1 Qe4 61.Qf1 Qe3+ 62.Kg2 f6 63.Ng1 Qd2+ 64.Kf3 Qc3+
65.Kf2 Nxc4 66.Qb1 Nd6 67.Kg2 Qd2+  0-1

[Event "National Open"]
[Site "Las Vegas USA"]
[Date "2005.06.10"]
[Round "2"]
[White "Donaldson,J"]
[Black "Weinberger,T"]
[Result "1-0"]
[WhiteElo "2407"]
[BlackElo "2215"]

1.Nf3 d5 2.g3 c6 3.Bg2 Nd7 4.d4 e6 5.O-O Bd6 6.c4 Ngf6 7.Nc3 O-O 8.Nd2 Bc7
9.e4 dxc4 10.Nxc4 b5 11.Ne3 Rb8 12.b4 a5 13.a3 e5 14.d5 c5 15.Rb1 cxb4 16.axb4 axb4
17.Na2 Nc5 18.Nxb4 Qd6 19.Nc6 Ra8 20.Qc2 Bd7 21.Rxb5 Bxc6 22.dxc6 Ne6 23.Nf5  1-0

[Event "TCh-IRI"]
[Site "Tehran IRI"]
[Date "2005.06.10"]
[Round "5"]
[White "Banirashid,S"]
[Black "Kheiri,A"]
[Result "0-1"]
[WhiteElo "2242"]
[BlackElo "2193"]

1.Nf3 d5 2.g3 c6 3.Bg2 Nf6 4.b3 Bg4 5.Bb2 Nbd7 6.d3 e6 7.Nbd2 Bd6 8.O-O O-O
9.h3 Bh5 10.Qe1 Qc7 11.e4 dxe4 12.dxe4 Bxf3 13.Nxf3 Ne5 14.Nh2 Rfd8 15.Qe2 Nfd7
16.f4 Ng6 17.e5 Bc5+ 18.Kh1 Ndf8 19.Rad1 Rxd1 20.Rxd1 Rd8 21.Rxd8 Qxd8 22.Bc3 Ne7
23.Qd2 Qxd2 24.Bxd2 Nd5 25.c4 Ne3 26.Be4 Nd7 27.Bd3 Nf5 28.Nf1 Bd4 29.Kg2 g6
30.Kf3 h5 31.b4 Kf8 32.Ke4 Bf2 33.g4 hxg4 34.hxg4 Nh4 35.Be2 a5 36.a3 axb4
37.axb4 Ke7 38.Ne3 Bg3 39.c5 g5 40.Nc4 f5+ 41.gxf5 exf5+ 42.Kd4 gxf4 43.Bc1 Ke6
44.Nd6 Nxe5 45.Nxb7 f3 46.Bf1 f2 47.Na5 Nhf3+ 48.Ke3 Nh2 49.Bh3 f1=Q 50.Bxf1 Nxf1+
51.Ke2 Nh2 52.Nb3 Kd5 53.Bb2 f4 54.Nd2 Nc4 55.Nxc4 Kxc4  0-1

[Event "TCh-IRI"]
[Site "Tehran IRI"]
[Date "2005.06.10"]
[Round "5"]
[White "Ibrahimov,R"]
[Black "Amini,A"]
[Result "1-0"]
[WhiteElo "2511"]
[BlackElo "2267"]

1.Nf3 d5 2.g3 Nf6 3.Bg2 g6 4.c4 c6 5.b3 Bg7 6.Bb2 O-O 7.O-O a5 8.d3 Qb6 9.Nbd2 a4
10.Bc3 Ne8 11.d4 Nd7 12.cxd5 cxd5 13.bxa4 Qa6 14.Bb4 Nd6 15.a5 Re8 16.a3 e6
17.e3 Bf8 18.Re1 b5 19.axb6 Qxb6 20.Qb3 Ba6 21.Bf1 Reb8 22.Reb1 Bxf1 23.Kxf1 Ne4
24.Qd3 Bxb4 25.axb4 Rxa1 26.Rxa1 Qxb4 27.Nxe4 dxe4 28.Qxe4 Nc5 29.Qc2 Qb7
30.Ng1 Ne4 31.f3 Nf6 32.e4 Rd8 33.Ne2 Qb5 34.Kf2 Qh5 35.h4 Qb5 36.Qc7 Rf8
37.Ra7 Qb1 38.Rb7 Qh1 39.Rb8 Qh2+ 40.Ke3 Nh5 41.Rxf8+ Kxf8 42.d5 exd5 43.exd5 Qh3
44.g4 Nf6 45.Qb8+ Ne8 46.Qb4+ Kg7 47.Qe7  1-0

[Event "6th ch-EURw"]
[Site "Chisinau MDA"]
[Date "2005.06.11"]
[Round "1"]
[White "Harbuz,D"]
[Black "Melnikova,Y"]
[Result "1/2-1/2"]
[WhiteElo "2040"]
[BlackElo "2301"]

1.Nf3 d5 2.g3 c6 3.Bg2 g6 4.d3 Bg7 5.O-O e5 6.Nbd2 Ne7 7.c4 O-O 8.Rb1 a5
9.b3 Nd7 10.a3 f5 11.b4 axb4 12.axb4 e4 13.Ng5 Ne5 14.dxe4 dxe4 15.h4 h6
16.Nh3 Be6 17.Qc2 Qb6 18.b5 cxb5 19.Rxb5 Qc6 20.Qb1 Nxc4 21.Rxb7 Nd5 22.Nxc4 Qxc4
23.Bb2 Bf7 24.Bxg7 Kxg7 25.Qb2+ Qc3 26.Qxc3+ Nxc3 27.e3 Rfd8 28.Re1 Rd2 29.Bf1 Kf6
30.Rc7 Rc2 31.Kg2 Ra3 32.Nf4 Rd2 33.Rc1 g5 34.R1xc3 Rxc3 35.Rxc3 gxf4 36.gxf4 Bh5
37.Rc6+ Kg7 38.Rc7+ Kg6 39.Rc6+ Kg7 40.Kg3 Bg4 41.Bg2 h5 42.f3 exf3 43.Bxf3 Bxf3
44.Kxf3 Rh2 45.Kg3 Re2 46.Re6 Kf7 47.Re5 Kg6  1/2-1/2

[Event "Open"]
[Site "Mielo POL"]
[Date "2005.06.11"]
[Round "2"]
[White "Sokolowski,Ry"]
[Black "Adamski,M"]
[Result "1-0"]
[WhiteElo "2205"]
[BlackElo "2287"]

1.Nf3 d5 2.g3 c6 3.Bg2 Nf6 4.b3 Bf5 5.Bb2 e6 6.d3 Be7 7.Nh4 Bg4 8.h3 Bh5
9.Nd2 Nfd7 10.Nhf3 Bf6 11.d4 O-O 12.e4 Bg6 13.e5 Be7 14.O-O b5 15.Ne1 Qb6
16.Nd3 h6 17.Nf4 Bf5 18.Re1 a5 19.a3 Na6 20.Nf1 Rfd8 21.Ne3 Bh7 22.Qg4 Nf8
23.Nh5 Ng6 24.f4 Bf8 25.f5 exf5 26.Nxf5 Nc7 27.Rf1 Ne8 28.Rf2 Ra7 29.Raf1 c5
30.Ne3 Qe6 31.Qe2 c4 32.Qf3 Rad7 33.h4 Nc7 34.Kh2 Qc6 35.Nf5 Kh8 36.Bh3 Ne6
37.Bc1 Rc7 38.Qg4 cxb3 39.cxb3 Qb7 40.Bd2 Qa7 41.b4 a4 42.Nhxg7 Bxg7 43.h5 Nxe5
44.dxe5 Rg8 45.Nxg7 Rxg7 46.Qf3 Ng5 47.Bxg5 Rxg5 48.Qxd5 Qe3 49.Qd8+ Rg8
50.Qf6+ Rg7 51.Rg2 Rc2 52.Rf3 Qe4 53.Rf4 Rxg2+ 54.Bxg2 Qe2 55.g4 Qd2 56.Rf2 Qd4
57.Rf4 Qd2 58.Kg3 Qe1+ 59.Kh3 Qc3+ 60.Bf3 Qxa3 61.Qxh6 Qc1 62.Qf6 Qf1+ 63.Bg2 Qd3+
64.Kh2 Kg8 65.e6 Qe2 66.exf7+ Kf8  1-0

[Event "TCh-BIH Prem"]
[Site "Neum BIH"]
[Date "2005.06.11"]
[Round "8"]
[White "Ruck,R"]
[Black "Nikolic,Pr"]
[Result "1/2-1/2"]
[WhiteElo "2551"]
[BlackElo "2627"]

1.Nf3 d5 2.g3 c6 3.Bg2 Nf6 4.O-O Bf5 5.b3 e6 6.Bb2 Nbd7 7.c4 h6 8.d3 Be7
9.Nbd2 O-O 10.Qc2 a5 11.a3 Bh7 12.Ne5  1/2-1/2

[Event "6th ch-EURw"]
[Site "Chisinau MDA"]
[Date "2005.06.12"]
[Round "2"]
[White "Zozulia,A"]
[Black "Mar,K"]
[Result "1-0"]
[WhiteElo "2343"]
[BlackElo "2119"]

1.Nf3 d5 2.g3 c6 3.Bg2 Nf6 4.O-O Bg4 5.b3 Nbd7 6.Bb2 e6 7.d3 Bc5 8.Nbd2 Qe7
9.e4 O-O 10.Re1 Ba3 11.Qc1 Bxb2 12.Qxb2 a5 13.a3 Nc5 14.Ne5 Bh5 15.b4 Ncd7
16.Nxd7 Qxd7 17.e5 Ne8 18.bxa5 Rxa5 19.Nb3 Ra7 20.Nc5 Qc7 21.Reb1 b5 22.a4 bxa4
23.Nxa4 f6 24.Nc5 Rxa1 25.Rxa1 Qxe5 26.Qxe5 fxe5 27.Nd7 Rf7 28.Nxe5 Rb7 29.Nxc6 Rb2
30.Nd4 Bf7 31.h4 Kf8 32.Bh3 e5 33.Nf3 Rxc2 34.Nxe5 Rd2 35.Ra8 Re2 36.d4 Re1+
37.Kg2 Bg6 38.Nxg6+ hxg6 39.Bd7 Re4 40.Kf3 Kf7 41.Rxe8 Rxe8 42.Bxe8+ Kxe8
43.Kf4 Kd7 44.Ke5 Kc6 45.Ke6  1-0

[Event "6th ch-EURw"]
[Site "Chisinau MDA"]
[Date "2005.06.13"]
[Round "3"]
[White "Harbuz,D"]
[Black "Lematschko,T"]
[Result "1/2-1/2"]
[WhiteElo "2040"]
[BlackElo "2231"]

1.Nf3 d5 2.g3 c5 3.Bg2 Nc6 4.d3 e5 5.Nbd2 Be6 6.e4 d4 7.h3 f6 8.O-O Bd6 9.Nh2 Qd7
10.f4 exf4 11.gxf4 O-O-O 12.Nc4 Bc7 13.Qh5 g6 14.Qh4 Qf7 15.b3 Nge7 16.a4 Nb4
17.Rf2 Rdf8 18.Ba3 Nec6 19.Ng4 h5 20.Nh2 g5 21.Qg3 gxf4 22.Qh4 Qg6 23.Nf3 Rhg8
24.Raf1 Qg3 25.Kh1 f5 26.e5 Bd8 27.Qxg3 fxg3 28.Re2 Kc7 29.Bc1 Nd5 30.Ng1 f4
31.Re4 Ne3 32.Rfxf4 Nxg2 33.Kxg2 Bd5 34.Nf3 Bxe4 35.Rxe4 Nb4 36.e6 Nd5 37.Nce5 Be7
38.Nf7 Rg6 39.Re5 Rxe6 40.Rxe6 Rxf7 41.Kxg3 Bd6+ 42.Kg2 Nb4 43.Re2 Rg7+ 44.Bg5 Kc6
45.h4 Kd5 46.Ng1 a6 47.Nh3 b5 48.axb5 axb5 49.Rf2 Ke6 50.Rf6+ Kd7 51.Rf2 Be5
52.Ng1 Rg8 53.Nf3 Bd6 54.Re2 Re8 55.Rxe8 Kxe8 56.Ne1 Kf7 57.Bd2 Nd5 58.Nf3 Kg6
59.b4 Kf5 60.bxc5 Bxc5 61.Kg3 b4 62.Ng5 Nc7 63.Ne4 Be7 64.Bh6 Nb5 65.Bg7 Na3
66.Bxd4 Nxc2 67.Bc5 Bd8 68.Nd2 Bc7+ 69.Kf3 Bd8 70.Kg3 Bf6 71.Nb3 Bc3 72.Kf3 Ke6
73.Kf4 Bf6 74.Bf2 Na1 75.Nd2 b3 76.d4 b2 77.Ke4 Nb3 78.Nb1 Nc1 79.Be1 Nb3
80.Bc3 Bxd4 81.Bxd4 Nxd4 82.Kxd4 Kf5 83.Kd5 Kg4 84.Ke4  1/2-1/2

[Event "6th ch-EURw"]
[Site "Chisinau MDA"]
[Date "2005.06.14"]
[Round "4"]
[White "Chelushkina,I"]
[Black "Ionescu,I"]
[Result "1/2-1/2"]
[WhiteElo "2369"]
[BlackElo "2252"]

1.g3 d5 2.Nf3 c6 3.Bg2 Bg4 4.h3 Bh5 5.O-O Nd7 6.d4 e6 7.Nbd2 Ngf6 8.c4 Be7
9.cxd5 Bxf3 10.Nxf3 cxd5 11.Bf4 O-O 12.Rc1 Qb6 13.Rc2 Qa6 14.Qb1 Rfc8 15.Rfc1 Nb6
16.Ne5 Ne8 17.b3 Ba3 18.Rxc8 Nxc8 19.Rc2 Ncd6 20.Qd1 Qa5 21.Bd2 Bb4 22.Bc1 Rc8
23.Nd3 Rxc2 24.Qxc2 Ba3 25.Bd2 Qc7 26.Qxc7 Nxc7 27.e3 h5 28.Kf1 b6 29.Ke2 Ncb5
30.Kd1 a5 31.Kc2 Kf8 32.Ne5 Ke7 33.Bf1 Na7 34.Be2 g6 35.Bd3 Kd8 36.g4 hxg4
37.hxg4 g5 38.Be2 f6 39.Nd3 Nc6 40.f3 Kd7 41.Be1 e5 42.dxe5 fxe5 43.Bc3 e4
44.Ne5+ Nxe5 45.Bxe5 Bc5 46.Kd2 Nf7 47.Bb2 exf3 48.Bxf3 Ke6 49.e4 d4 50.a3 Ke5
51.Ke2 Kf4 52.b4 axb4 53.axb4 Bxb4 54.Bxd4 Bc5 55.Bc3 b5 56.Bd2+ Ke5 57.Kd3 Be7
58.Bd1 Bd6 59.Be3 Bc7 60.Bg1 Kf6 61.Bd4+ Be5 62.Bb6 Bd6 63.Kd4 b4 64.Kd5 Bf4
65.Bc5 Ne5 66.Bxb4 Bg3 67.Ba5 Bf4 68.Bd8+ Kf7 69.Be2 Ng6 70.Bb5 Ne7+ 71.Kd4 Ke6
72.Kd3 Kd6 73.Bb6 Ng6 74.Kd4 Be5+ 75.Kc4 Bg3 76.Bc5+ Ke6 77.Kc3 Ne5 78.Be2 Be1+
79.Kb3 Nd7 80.Be3 Ke5 81.Bd3 Nf6 82.Bxg5 Nxg4 83.Bc1 Nf2 84.Bb2+ Kf4 85.Kc4 Nxe4
86.Kd5 Nf2 87.Bc2 Bd2 88.Be5+ Kg5 89.Ke6 Ng4 90.Bd4 Kf4 91.Bf5 Be3 92.Bg7 Bc5
93.Bxg4  1/2-1/2

[Event "Marx Gyorgy Open"]
[Site "Paks HUN"]
[Date "2005.06.14"]
[Round "1"]
[White "Ianov,V"]
[Black "Dobak,D"]
[Result "1-0"]
[WhiteElo "2381"]
[BlackElo "1924"]

1.Nf3 d5 2.g3 c5 3.Bg2 e6 4.O-O Nc6 5.c4 Nf6 6.d4 Be7 7.Nc3 O-O 8.cxd5 exd5
9.dxc5 h6 10.Be3 Bg4 11.Nd4 Ne5 12.h3 Bh5 13.Nf5 Nc4 14.Bd4 Bg6 15.Nxe7+ Qxe7
16.Nxd5 Nxd5 17.Bxd5 Ne5 18.e4 Rab8 19.f4 Nc6 20.f5 Nxd4 21.Qxd4 Bh5 22.g4 Qh4
23.Qf2  1-0

[Event "PanAmY U16B"]
[Site "Balneario Camboriu BRA"]
[Date "2005.06.15"]
[Round "7"]
[White "Flores Rios,M"]
[Black "Cornejo,M"]
[Result "0-1"]
[WhiteElo "2131"]
[BlackElo "2229"]

1.Nf3 d5 2.g3 c5 3.Bg2 Nc6 4.O-O Nf6 5.d3 Bg4 6.Nbd2 e6 7.h3 Bh5 8.c3 Be7
9.e4 O-O 10.g4 Bg6 11.Nh4 dxe4 12.Nxg6 hxg6 13.dxe4 Qc7 14.f4 b5 15.Qe2 c4
16.f5 exf5 17.exf5 Bc5+ 18.Kh1 Rae8 19.Ne4 Nxe4 20.Bxe4 Qe5 21.Re1 Qg3 22.Qf1 Bd6
23.Bf4 Bxf4  0-1

[Event "St Petersburg vs Moscow"]
[Site "St Petersburg RUS"]
[Date "2005.06.15"]
[Round "2"]
[White "Loginov,Va"]
[Black "Grigoriants,S RUS"]
[Result "1-0"]
[WhiteElo "2512"]
[BlackElo "2553"]

1.Nf3 d5 2.g3 Bg4 3.Bg2 e6 4.c4 c6 5.O-O Nd7 6.cxd5 exd5 7.d3 Ngf6 8.Nc3 Bc5
9.Qc2 Qe7 10.e4 dxe4 11.dxe4 Bxf3 12.Bxf3 h5 13.Bf4 Ne5 14.Bxe5 Qxe5 15.Nd5 Bd4
16.Rad1 O-O-O 17.Qc4 Bxb2 18.Rd2 Kb8 19.Qb3 cxd5 20.Rxb2 Rd7 21.exd5 Rc8
22.Qb4 Qd6 23.Qd4 Rdc7 24.Rfb1 Rc1+ 25.Rxc1 Rxc1+ 26.Kg2 Rc7 27.h4 g6 28.a4 Nd7
29.Re2 Rc8 30.a5 a6 31.Rb2 Re8 32.Rb3 Rc8 33.Qb2 Rc7 34.Qe2 Rc8 35.Qb2 Rc7
36.Qg7 Rc5 37.Qxf7 Rxa5 38.Qe6 Qxe6 39.dxe6  1-0

[Event "Open"]
[Site "Voronezh RUS"]
[Date "2005.06.15"]
[Round "4"]
[White "Chuprikov,D"]
[Black "Ponomariov,T"]
[Result "1-0"]
[WhiteElo "2416"]
[BlackElo "2236"]

1.Nf3 d5 2.g3 c5 3.c4 e6 4.cxd5 exd5 5.d4 Nc6 6.Bg2 Nf6 7.Nc3 Be7 8.O-O O-O
9.Bf4 Be6 10.Rc1 c4 11.Ne5 Qb6 12.Na4 Qa5 13.Nxc6 bxc6 14.b3 Ba3 15.Ra1 Qa6
16.Qc2 Nh5 17.Be3 Rab8 18.Nc5 Bxc5 19.dxc5 cxb3 20.axb3 Qb5 21.Rfb1 Rb7 22.Bd4 f5
23.Bf1 Qb4 24.Ra4  1-0

[Event "6th ch-EURw"]
[Site "Chisinau MDA"]
[Date "2005.06.16"]
[Round "6"]
[White "Harbuz,D"]
[Black "Babei,A"]
[Result "0-1"]
[WhiteElo "2040"]
[BlackElo "1843"]

1.Nf3 d5 2.g3 Nf6 3.Bg2 Nbd7 4.d3 e5 5.Nbd2 Bd6 6.c4 c6 7.b3 O-O 8.O-O Re8
9.e4 dxe4 10.dxe4 Qc7 11.Qc2 a5 12.a3 b5 13.Bb2 Bb7 14.Rfd1 Qb6 15.Ne1 a4
16.cxb5 cxb5 17.b4 Rac8 18.Qd3 Bb8 19.Nb1 Ba7 20.Qe2 Rc7 21.Nc3 Rec8 22.Rac1 Rc4
23.Nd3 Qc6 24.Nd5 Qe6 25.Rxc4 bxc4 26.Nxf6+ Qxf6 27.Ne1 Nf8 28.Bc3 Bd4 29.Bxd4 exd4
30.e5 d3 31.exf6 dxe2 32.Rd2 Bxg2 33.Kxg2 gxf6 34.Rxe2 Ne6 35.Nc2 Kf8 36.Re3 Nc7
37.Kf3 Nb5 38.Ke4 Rd8 39.Kf5 Kg7 40.Re2 Rd3 41.Kf4 Nxa3 42.Nxa3 Rxa3 43.Rc2 Rb3
44.Rxc4 a3 45.Rc1 Rxb4+ 46.Ke3 a2 47.Ra1 Rb2 48.h4 Kg6 49.g4 f5 50.f3 f6
51.Kf4 fxg4 52.fxg4 h5 53.Kg3 hxg4 54.Kxg4 Rb4+ 55.Kg3 Ra4 56.Kf3 Kh5 57.Kg3 Ra3+
58.Kf4 Kxh4 59.Rh1+ Rh3 60.Rg1 Kh5 61.Ra1 Ra3 62.Kf5 Rf3+ 63.Ke4 Rf2 64.Rg1 Kh6
65.Ke3 Rb2 66.Ra1 Kg5 67.Kf3 Rb3+ 68.Ke2 Ra3 69.Rg1+ Kf5 70.Ra1 Ke4 71.Kd2 f5
72.Kc2 f4 73.Kb2 Ra8 74.Re1+ Kd3 75.Ka1 f3 76.Re7 Ra4 77.Rf7 Ke3 78.Re7+ Re4
79.Rf7 f2 80.Kxa2 Ke2  0-1

[Event "6th ch-EURw"]
[Site "Chisinau MDA"]
[Date "2005.06.16"]
[Round "6"]
[White "Chelushkina,I"]
[Black "Bensdorp,M"]
[Result "1/2-1/2"]
[WhiteElo "2369"]
[BlackElo "2232"]

1.g3 d5 2.Nf3 c6 3.Bg2 Bg4 4.Ne5 Bh5 5.d4 Nd7 6.Nd3 e6 7.Nc3 Ngf6 8.Nf4 Bg6
9.a3 Bd6 10.O-O Bf5 11.Nd3 O-O 12.e3 e5 13.dxe5 Nxe5 14.f4 Nxd3 15.cxd3 Re8
16.h3 d4 17.exd4 Bc7 18.d5 Bb6+ 19.Kh2 Nxd5 20.Nxd5 cxd5 21.g4 Bd7 22.Bd2 Bc6
23.Rc1 Qd7 24.Re1 Rxe1 25.Qxe1 Re8 26.Qf1 Bd4 27.b4 a6 28.Re1 Rxe1 29.Qxe1 Qe6
30.Qxe6 fxe6 31.Bc1 Kf7 32.Bf3 Bb5 33.Be2 e5 34.fxe5 Bxe5+ 35.Kg2 h6 36.Kf2 Ke6
37.Bf1 Bd4+ 38.Ke2 Ke5 39.Bg2 Bd7 40.Kf3 Bb5 41.Bf1 Kf6 42.h4 g5 43.hxg5+ hxg5
44.Be2 Be5 45.Bf1 Bd4 46.Ke2 Bd7 47.Bh3 Be5 48.Ke1 Bg3+ 49.Kd1 Be5 50.Kc2 Ba4+
51.Kb1 Bb5 52.Bf1 Bd7 53.Be2 Bd4 54.Bd2 Bb5 55.Ka2 Bd7 56.Bf3 Be6 57.a4 b5
58.axb5 axb5 59.Kb1 Bf7 60.Kc2 Be6 61.Be1 Ke7 62.Bg3 Kd7 63.Be2 Ke7 64.Be1 Bd7
65.Bd2 Kf6 66.Kd1 Be6 67.Ke1 Bd7 68.Kf1 Be6 69.Kg2 Bd7 70.Kf3 Bc6 71.Kg2 Bd7
72.Bf3 Be6 73.Kf1 Bf7 74.Ke2 Be6 75.Be1 Ke7 76.Bd2  1/2-1/2

[Event "Marx Gyorgy Open"]
[Site "Paks HUN"]
[Date "2005.06.16"]
[Round "3"]
[White "Ianov,V"]
[Black "Nagy,Danie"]
[Result "1/2-1/2"]
[WhiteElo "2381"]
[BlackElo "2189"]

1.Nf3 d5 2.g3 Nf6 3.Bg2 e6 4.O-O Nbd7 5.c4 Be7 6.d4 O-O 7.Nbd2 c6 8.Qc2 b6
9.Rd1 Ba6 10.b3 Rc8 11.Bb2 c5 12.dxc5 Bxc5 13.Rac1 b5 14.e3 Qe7 15.Bf1 Ba3
16.Qb1 bxc4 17.bxc4 Rb8 18.Nb3 Bxb2 19.Qxb2 dxc4 20.Bxc4 Bxc4 21.Rxc4 Rfc8
22.Rdc1 Rxc4 23.Rxc4 Nb6 24.Rc1 Rc8 25.Rxc8+ Nxc8 26.Nbd4 Qc7 27.Kg2 h6 28.Qb5 Nd6
29.Qc6 Qxc6 30.Nxc6 a6 31.Nfe5 Nd5 32.Nd3 Nc4 33.Nc5 Nc3  1/2-1/2

[Event "III Summer"]
[Site "Alushta UKR"]
[Date "2005.06.17"]
[Round "1"]
[White "Semiev,S"]
[Black "Feoktistov,A"]
[Result "0-1"]
[WhiteElo "2287"]
[BlackElo "2434"]

1.g3 d5 2.Nf3 g6 3.Bg2 Bg7 4.d4 Nf6 5.O-O O-O 6.c4 c6 7.Ne5 Ng4 8.Nxg4 Bxg4
9.cxd5 cxd5 10.Nc3 Nc6 11.h3 Be6 12.e4 Nxd4 13.exd5 Bd7 14.Be3 Nf5 15.Bf4 Qb6
16.Rb1 Rac8 17.Qd2 Nd6 18.Qe2 Rfe8 19.g4 Nb5 20.Be5 f6 21.Bf4 f5 22.Be5 Bxe5
23.Qxe5 fxg4 24.hxg4 Bxg4 25.d6 Nxd6 26.Nd5 Qd8 27.Ne3 Nf7 28.Qf4 Be6 29.Rfe1 Qa5
30.Bxb7 Rb8 31.Bg2 Rb4 32.Qf3 Ne5 33.Qg3 Nd3 34.Red1 Nf4 35.Bf1 Rf8 36.a3 Rb3
37.Rd4 Qe5 38.Rbd1 Rxb2 39.Nc4 Ne2+ 40.Bxe2 Qxg3+ 41.fxg3 Rxe2 42.Rf1 Rxf1+
43.Kxf1 Bxc4 44.Rxc4 Re3 45.Ra4 Rxg3  0-1

[Event "6th ch-EURw"]
[Site "Chisinau MDA"]
[Date "2005.06.17"]
[Round "7"]
[White "Vozovic,O"]
[Black "Korbut,E"]
[Result "0-1"]
[WhiteElo "2288"]
[BlackElo "2399"]

1.Nf3 d5 2.g3 Bg4 3.Bg2 Nd7 4.d4 e6 5.O-O Ngf6 6.c3 c6 7.Bf4 h6 8.Nbd2 Be7
9.Re1 Bf5 10.h3 Ne4 11.g4 Bh7 12.Ne5 f5 13.gxf5 exf5 14.e3 O-O 15.Qe2 Bh4
16.Rf1 Nxe5 17.Bxe5 Bg6 18.Kh2 Re8 19.Nxe4 fxe4 20.f4 exf3 21.Bxf3 Rxe5 22.dxe5 Qg5
23.Qg2 Qxe5+ 24.Kh1 Bf5 25.Rad1 Rf8 26.Bg4 Be4 27.Rxf8+ Kxf8 28.Bf3 Bf5 29.Bg4 Bh7
30.Rf1+ Kg8 31.Qh2 Qe8 32.Bh5 Be4+ 33.Bf3 Bd3 34.Rg1 Qxe3 35.Qg2 Bf6 36.Rd1 Kh8
37.Qg4 Be5 38.Rg1 a5 39.Bg2 a4 40.a3 Qd2 41.Qf3 Bg6 42.Qg4 Kh7 43.Qxa4 Qxb2
44.c4 Qf2  0-1

[Event "Friendship IM"]
[Site "Cartak CZE"]
[Date "2005.06.18"]
[Round "1"]
[White "Petran,Pe"]
[Black "Obsivac,J"]
[Result "1/2-1/2"]
[WhiteElo "2332"]
[BlackElo "2334"]

1.g3 d5 2.Nf3 c6 3.Bg2 Bg4 4.d3 Nd7 5.Nbd2 Ngf6 6.O-O e6 7.b3 Be7 8.Bb2 O-O
9.h3 Bh5 10.e4 dxe4 11.dxe4 Qc7 12.e5 Nd5 13.a3 Nc5 14.Bd4 a5 15.Re1 Rfd8
16.Qc1 Bg6 17.Nh4 Rd7 18.Nxg6 hxg6 19.Nf3 Rad8 20.h4 Ra8 21.Rb1 Qd8 22.Bf1 Na6
23.Rd1 Qf8 24.Ra1 Nc5 25.Bb2 Qd8 26.Rd4 Qb6 27.Rb1 Rad8 28.Qe1 Nc7 29.Rxd7 Nxd7
30.Rd1 Nc5 31.Rxd8+ Bxd8 32.Bd4 Nb5 33.Bxb5 Qxb5 34.c4 Qxb3 35.Bxc5 Qxf3
36.Qd2 Bc7 37.Bd6 Bd8 38.Bc5 Bc7 39.Bd6 Bd8  1/2-1/2

[Event "Suduroy"]
[Site "Tvoroyri FAI"]
[Date "2005.06.18"]
[Round "1"]
[White "Simonsen,H"]
[Black "Glud,J"]
[Result "1-0"]
[WhiteElo "2317"]
[BlackElo "2319"]

1.Nf3 d5 2.g3 Nf6 3.Bg2 e6 4.O-O Be7 5.d3 c5 6.Nbd2 Nc6 7.e4 O-O 8.Re1 a6
9.h4 b5 10.e5 Nd7 11.Nf1 a5 12.Bf4 b4 13.N1h2 a4 14.Ng5 Nd4 15.c3 Nc6 16.Qh5 h6
17.Ng4 hxg5 18.hxg5 g6 19.Qh4 Ncxe5 20.Nxe5 Nxe5 21.Bxe5 f6 22.Qh6 Qe8 23.gxf6 Bxf6
24.Bxf6 Rxf6 25.Bxd5 Ra7 26.Be4 Rh7 27.Qg5 Qf8 28.Qe3 Rhf7 29.Re2 Kg7 30.cxb4 cxb4
31.Rc1 Ba6 32.Rec2 Qb8 33.Kg2 Qe5 34.Rh1 g5 35.Rh7+ Kg8 36.Rxf7 Rxf7 37.Bh7+  1-0

[Event "6th EICC"]
[Site "Warsaw POL"]
[Date "2005.06.18"]
[Round "1"]
[White "Chuchelov,V"]
[Black "Bruno,F"]
[Result "1-0"]
[WhiteElo "2571"]
[BlackElo "2374"]

1.Nf3 d5 2.g3 Nf6 3.Bg2 Bf5 4.O-O h6 5.c4 c6 6.d3 e6 7.cxd5 exd5 8.Qb3 Nbd7
9.Be3 Qb8 10.Bf4 Nc5 11.Bxb8 Nxb3 12.axb3 Rxb8 13.Rxa7 Bd6 14.Nc3 O-O 15.Rc1 Rfe8
16.d4 Bc7 17.e3 Bb6 18.Raa1 Nd7 19.b4 Ra8 20.Nd2 Ra7 21.Rxa7 Bxa7 22.Nb3 Nb6
23.Na5 Rb8 24.b5 Bd7 25.b4 Nc4 26.Bf1 Nd6 27.bxc6 bxc6 28.Nxd5 cxd5 29.Rc7 Bg4
30.Rxa7 Rxb4 31.Nc6 Rb1 32.Kg2 Ne4 33.Ra2 g6 34.Bd3 Rd1 35.Ne5 Be6 36.Be2 Re1
37.Nd3 Rb1 38.Nf4 Kg7 39.Nxe6+ fxe6 40.Bd3 Rb6 41.Bxe4 dxe4 42.Ra5 Kf6 43.Re5 g5
44.g4 Rb8 45.Rxe4 h5 46.h4 Rg8 47.gxh5 gxh4+ 48.Kf3  1-0

[Event "Friendship IM"]
[Site "Cartak CZE"]
[Date "2005.06.19"]
[Round "3"]
[White "Petran,Pe"]
[Black "Petr,Ma"]
[Result "0-1"]
[WhiteElo "2332"]
[BlackElo "2293"]

1.g3 d5 2.Nf3 Nf6 3.Bg2 e6 4.O-O Be7 5.d3 O-O 6.Nbd2 c5 7.c3 Nc6 8.e4 b5
9.Re1 Bb7 10.Qe2 a5 11.Nf1 b4 12.exd5 Nxd5 13.c4 Nf6 14.Be3 Qb6 15.Rad1 Rad8
16.b3 Rd7 17.Bc1 Rfd8 18.Bb2 Ne8 19.Ne3 Bf6 20.Nd5 Qa6 21.Nxf6+ Nxf6 22.Qe3 Nd4
23.Bxd4 cxd4 24.Qf4 Qa8 25.Nh4 Bxg2 26.Nxg2 a4 27.Qd2 Rb8 28.bxa4 Ra7 29.Rb1 Rxa4
30.Rb2 h6 31.h3 Ra3 32.Reb1 Nd7 33.Ne1 Nc5 34.Rxb4 Rxb4 35.Rxb4 Rxa2 36.Qf4 Qa5
37.Rb8+ Kh7 38.Rb1 Ra1 39.Rxa1 Qxa1 40.Qd2 e5 41.Kh2 Qc3 42.Qe2 e4 43.dxe4 d3
44.Qf3 Qxc4 45.Qe3 g6 46.e5 Qd5 47.Nf3 Ne4 48.e6 Qxe6 49.Qxd3 Nxf2 50.Qf1 Qe3
51.Kg2 Ne4 52.Qe1 Qd3 53.g4 Qd5 54.Kf1 Kg7 55.Qa1+ Kg8 56.Qe1 Qd3+ 57.Kg2 Kh7
58.Qf1 Qc2+ 59.Kg1 Qc5+ 60.Kg2 Qd5 61.Kg1 Qd6 62.Qe1 Qf4 63.Kg2 f5 64.gxf5 gxf5
65.Qh4 Qd6 66.Qe1 Qd5 67.Kg1 Qd3 68.Kg2 f4  0-1

[Event "6th EICC"]
[Site "Warsaw POL"]
[Date "2005.06.19"]
[Round "2"]
[White "Minasian,Art"]
[Black "Guliev,S"]
[Result "1-0"]
[WhiteElo "2597"]
[BlackElo "2481"]

1.Nf3 d5 2.g3 Nf6 3.Bg2 Bf5 4.b3 e6 5.Bb2 h6 6.O-O Bc5 7.d3 O-O 8.Nbd2 Qe7
9.a3 a5 10.Qe1 Rd8 11.e4 dxe4 12.dxe4 Bh7 13.e5 Ne8 14.Ne4 Nc6 15.Nxc5 Qxc5
16.Rc1 Rd7 17.Nd2 Rad8 18.Ne4 Qb5 19.Qe3 Bxe4 20.Bxe4 Nd4 21.Kh1 c5 22.a4 Qa6
23.g4 b5 24.f4 bxa4 25.bxa4 f5 26.gxf5 exf5 27.Bxd4 Rxd4 28.Bxf5 Qc6+ 29.Qf3 Qxf3+
30.Rxf3 Rxa4 31.Bg6 Nc7 32.f5 Re4 33.e6 Nd5 34.Rd3 Rd4 35.Rb3 Nf4 36.Rg1 Nxg6
37.Rxg6 Rd1+ 38.Kg2 R8d2+ 39.Kf3 Rf1+ 40.Kg3 Rxf5 41.Rb7 Kf8 42.e7+ Ke8 43.Re6  1-0

[Event "6th EICC"]
[Site "Warsaw POL"]
[Date "2005.06.19"]
[Round "2"]
[White "Ibrahimov,R"]
[Black "Georgiev,Ki"]
[Result "0-1"]
[WhiteElo "2511"]
[BlackElo "2666"]

1.Nf3 d5 2.g3 c6 3.Bg2 Bg4 4.O-O Nd7 5.d3 e5 6.e4 dxe4 7.dxe4 Ngf6 8.h3 Bh5
9.Nbd2 Be7 10.Qe1 O-O 11.Nc4 Qc7 12.a4 Rfe8 13.Nh4 Bf8 14.Bg5 Re6 15.b3 b6
16.Kh1 h6 17.Bd2 Nc5 18.b4 Ncd7 19.a5 b5 20.Ne3 Rb8 21.c4 bxc4 22.g4 Bg6
23.Nxg6 fxg6 24.Qe2 Bxb4 25.Qxc4 Qd6 26.Nf5 gxf5 27.exf5 Bxd2 28.fxe6 Rb4
29.Qxc6 Qxc6 30.Bxc6 Nc5 31.Rfd1 Rb2 32.Rab1 Rxb1 33.Rxb1 Nxe6 34.Rb8+ Kh7
35.Ra8 Nd4 36.Bb7 Bxa5 37.Rxa7 Bd2 38.f3 h5 39.Kg2 h4 40.Ra2 Bf4 41.Ra5 Kh6
42.Ba6 Bg3 43.Bc4 Nc2 44.Kg1 Ne1 45.Be2 Nh7 46.Ra6+ g6 47.Kh1 Ng5 48.Bf1 Nexf3
49.Bd3 e4 50.Rxg6+ Kxg6  0-1

[Event "Open"]
[Site "Voronezh RUS"]
[Date "2005.06.20"]
[Round "8"]
[White "Harutjunyan,G"]
[Black "Zubarev,Al1"]
[Result "1-0"]
[WhiteElo "2392"]
[BlackElo "2514"]

1.Nf3 d5 2.g3 g6 3.Bg2 Bg7 4.d3 e5 5.O-O Nc6 6.Nbd2 Nge7 7.c3 O-O 8.e4 a5
9.Qc2 h6 10.Re1 Re8 11.b3 Be6 12.Bb2 Qd7 13.a3 b6 14.exd5 Bxd5 15.Rad1 Rad8
16.b4 axb4 17.axb4 Be6 18.Nc4 f6 19.Ne3 Nf5 20.Nxf5 Bxf5 21.Nh4 Bg4 22.f3 Be6
23.f4 g5 24.f5 Bd5 25.Bxd5+ Qxd5 26.Ng6 Rd7 27.c4 Nd4 28.cxd5 Nxc2 29.Re4 Kf7
30.Rc1 Nd4 31.Bxd4 exd4 32.Rc6 Bf8 33.Nh8+  1-0

[Event "III Summer"]
[Site "Alushta UKR"]
[Date "2005.06.21"]
[Round "5"]
[White "Semiev,S"]
[Black "Belikov,V"]
[Result "0-1"]
[WhiteElo "2287"]
[BlackElo "2517"]

1.g3 d5 2.Nf3 Nf6 3.Bg2 c5 4.O-O Nc6 5.d4 c4 6.Nc3 e6 7.Bg5 Be7 8.Ne5 h6
9.Bxf6 Bxf6 10.e4 Bxe5 11.dxe5 d4 12.Nb5 O-O 13.Nd6 b5 14.Nxb5 Qb6 15.a4 Ba6
16.Re1 Bxb5 17.axb5 Qxb5 18.Bf1 Qxb2 19.f4 Qc3 20.Qc1 Nb4 21.Re2 d3 22.cxd3 Qd4+
23.Kg2 cxd3 24.Rf2 Rfd8 25.Qd2 Nc2  0-1